000
00285nam a22001337a 4500
008
171017b xxu||||| |||| 00| 0 eng d
020
_a
9780131572836
041
_a
eng
080
_a
330.542
100
_a
52
101
_a
MIK
245
_a
MICROECONOMICS
_c
PEREZ.S
942
_2
udc
_c
BK
999
_c
34449
_d
34449